Guess the Chloe Ament song by the first line 2 - Statistics

General Stats
  • This quiz has been taken 4 times
  • The average score is 16 of 20
Answer Stats
Line Answer % Correct
"Light night I lost a friend of a friend" afterlife
100%
"My doctor said that I was fine" Call Me
100%
"I've always been a little quiet, never shy" Everyone Falls
100%
"I've been kicking it since '02" In All Honesty
100%
"Forgot that I was driving till I parked" I thought So
100%
"When I was younger" MAYBE
100%
"Sitting on the edge of the high dive" Places You Belong
100%
"Leave the porch light on" Porch Light
100%
"Two little ghosts haunting the same home" The Epilogue
100%
"You were silent the whole drive home" Unravel
100%
"Maybe I'm the one who got it wrong" Dining Room Table
75%
"Woke up without motive" it can't get worse
75%
"You started smokin'" Landon
75%
"The moon comes out" Meet Me Where It's Quiet
75%
"He was cold" Strangely Divine
75%
"Whoever said it was easy was lying" Time Again
75%
"You live in the silence" wwbk
75%
"I'm five seconds away from ruining myself" Alternate Ending
50%
"Honey, I wish you would see me" Chemistry
50%
"Blink and you'll miss it" Purfume
0%
No matching quizzes found
Score Distribution
Percent of People with Each Score
Percentile by Number Answered
Your Score History
You have not taken this quiz